000 01149nam a2200229Ia 4500
001 L870-50296
003 IT-CnALBA
008 170116s9999||||xx |||||||||||||| ||und||
040 _aIT-CnALBA
_cIT-CnALBA
041 _aITALIANO
100 _aSICA GABRIELLA
245 0 _aPOESIE BAMBINE.
250 _a1a ed.
260 _aMILANO
_bLA VITA FELICE ED.
_c1997 [1° Ed.:1997 - Ed.Ling.Originale: 1997]
300 _a60 p.
500 _aLETTERA DI TREVI E. DISEGNI DI GERANIO O.M. POESIE CANDIDE FRESCHE E CHIARE COME BAMBINE. BAMBINE SOMIGLIANTI ALLE MADRI VICINE LONTANE E FUTURE. POESIA COME FORMA UMANA. IN BICICLETTA. POESIE PER UN BAMBINO. ANIMA MIA CANDIDA. NOTA DELL'AUTORE.
501 _aSocietà San Paolo EM - Piazza San Paolo, 14 - 12051 ALBA (CN) (non commercial uses only) ® Copyright 2017
520 _aLETTERA DI TREVI E. DISEGNI DI GERANIO O.M. POESIE CANDIDE FRESCHE E CHIARE COME BAMBINE. BAMBINE SOMIGLIANTI ALLE MADRI VICINE LONTANE E FUTURE. POESIA COME FORMA UMANA. IN BICICLETTA. POESIE PER UN BAMBINO. ANIMA MIA CANDIDA. NOTA DELL'AUTORE.
650 _aLETTERATURA LATINA
942 _cBK
957 _71
999 _a56820
_bNO
_g Copie: 1
_c309207
_d309207